00489nam a2200193Ia 4500008004100000020001800041050001400059100002000073245003700093245002300130260001500153260001600168260000900184300001500193300002700208300001000235440004200245500000800287170918s9999 xx 000 0 und d a9780531213476 bB421 2009 aBehrens, Janice aWe are alike, we are different / cby Janice Behrens. aNew York : bScholastic, c2009 a24 pages : bcolored illustration ; c20cm. aScholastic news : nonfiction readers. a130